| 000 | 00909cam a2200337 4500500 | ||
|---|---|---|---|
| 005 | 20260405003626.0 | ||
| 041 | _afre | ||
| 042 | _adc | ||
| 100 | 1 | 0 |
_aSorente, Isabelle _eauthor |
| 245 | 0 | 0 | _aPréférons-nous l’ordre ou le désordre ? |
| 260 | _c2023. | ||
| 500 | _a71 | ||
| 690 | _aAlexis Lavis | ||
| 690 | _aAstrid Chevance | ||
| 690 | _aBureau | ||
| 690 | _aCatherine Malabou | ||
| 690 | _aChaos | ||
| 690 | _aIntérieur | ||
| 690 | _aJardin | ||
| 690 | _aJean-Claude Monod | ||
| 690 | _aMaison | ||
| 690 | _aMétaphysique | ||
| 690 | _aNormalité | ||
| 690 | _aOrdre | ||
| 690 | _aPsychiatrie | ||
| 690 | _aRangement | ||
| 690 | _aThomas Clerc | ||
| 690 | _aTravail | ||
| 786 | 0 | _nPhilosophie magazine | 166 | 1 | 2023-02-01 | p. 18-18 | 1951-1787 | |
| 856 | 4 | 1 | _uhttps://shs.cairn.info/magazine-philosophie-magazine-2023-1-page-18?lang=fr&redirect-ssocas=7080 |
| 999 |
_c2069398 _d2069398 |
||